=LDR 00000nam 2200000 4500 =001 INLIS000000000041033 =005 20130612150603 =008 ***********************************ind** =035 ##$$0010-061300000041033 =041 ##$$a ind =082 ##$$a 340.1 =090 ##$$a 340.1, Fri, t =100 ##$$a Friedmann, W =245 ##$$a Teori =260 ##$$a 1994 $b Jakarta =300 ##$$a xii, 152 hlm., 22 cm =650 ##$$a Hukum =650 ##$$a Filsafat =850 ##$$a NBPNMAT